Prodigy made easy
| Main Author: | |
|---|---|
| Format: | Book |
| Published: |
Berkeley :
Osborne McGraw-Hill ,
1991
|
| Subjects: |
MARC
| LEADER | 00000cam a2200000 7i4500 | ||
|---|---|---|---|
| 001 | 0000001041 | ||
| 002 | 000001151 | ||
| 005 | 20000330.0 | ||
| 020 | |a T000000184 | ||
| 090 | 0 | 0 | |a 005.713 |b KAN |
| 100 | 1 | |a Kane, Pamela | |
| 245 | 1 | 0 | |a Prodigy made easy |c Pamela Kane |
| 260 | |a Berkeley : |b Osborne McGraw-Hill , |c 1991 | ||
| 300 | |a 258 p. ; |c 25 cm. | ||
| 650 | 0 | 0 | |a Prodigy [Computer software] |
| 999 | |a 030160 |b BUKU |c PINJAMAN |e PERPUSTAKAAN KOMUNITI PETALING JAYA | ||
| 999 | |a 030161 |b BUKU |c PINJAMAN |e PERPUSTAKAAN KOMUNITI PETALING JAYA | ||